000 01130nam a22003017a 4500
001 7343
003 FISKH
005 20250710090236.0
008 250710b cb ||||| |||| 00| 0 eng d
020 _a9789995083786
040 _aFISKH
_beng
_cFISKH
_dFISKH813.6
050 _aPZ7
082 _a813.6
100 _aLipp, Frederick
245 _aChalk /
_cIllustrated by Prom Vichet ; Kristine Hakim
260 _aPhnom Penh :
_bOpen Books,
_c2011.
300 _a31 pages :
_bcolor illustrations ;
_c21 x 30 cm
505 _aN
520 _a"Amara, 6 years old, is about to understand the value of a piece of chalk. This beautiful story about a left-handed little girl in rural Cambodia could take place anywhere in the world; therefore we can recognize our own childhood in her happy adventure"--Page 4 of cover.
521 8 _a530
_bLexile estimate
521 8 _aN
_bRaz-Plus
650 _aPicture Book
_vCultural
_xSimple Narrative
650 _aRural Life
_vImaginative Play
700 _aVichet, Prom
_eillustrator
700 _aHakim, Kristine
_eillustrator
942 _2ddc
_cBK
_n0
999 _c7343
_d7343